[Event "RUS-ch U18"]
[Site "Moscow"]
[Date "1995.??.??"]
[Round "5"]
[White "Malakhov, Vladimir"]
[Black "Genba, Vladimir"]
[Result "0-1"]
[WhiteElo "2395"]
[BlackElo "2440"]
[Annotator "Nikitin,A"]
[PlyCount "194"]
[EventDate "1995.??.??"]
[EventType "tourn"]
[EventRounds "11"]
[EventCountry "RUS"]
[EventCategory "8"]
[SourceTitle "CBM 046"]
[Source "ChessBase"]
[SourceDate "1995.06.01"]
[SourceVersion "1"]
[SourceVersionDate "1995.06.01"]
[SourceQuality "1"]

1. e4 d5 2. exd5 Nf6 3. d4 Nxd5 4. Nf3 g6 5. c4 Nb6 6. Nc3 Bg7 7. Be2 (7. h3 $5
O-O 8. Be3 Nc6 9. Qd2 e5 10. d5 Ne7 11. g4 f5 (11... e4 12. Nd4 f5 13. gxf5
Nxf5 14. Nxf5 Bxf5 15. O-O-O Nd7 16. h4 $1 $14 {Kosanovic,O-Prudnikova,S/
Belgrade/1994/}) 12. O-O-O fxg4 13. Ng5 Nf5 14. hxg4 Nxe3 15. Qxe3 Rf4 $1 16.
Nce4 h6 17. Ne6 Bxe6 18. dxe6 Qe7 19. c5 Qxe6 $1 20. cxb6 {Rodriguez,
Am-Sariego,W/CUB-ch/1987/} axb6 21. b3 Qc6+ 22. Bc4+ $36 Kh8 23. Rxh6+ $1 Bxh6
24. Qh3 Rf7+ (24... Kg7 25. g5 Bxg5 26. Rd7+ $18) 25. Qxh6+ Rh7 26. Qg5 $18
Qxe4 27. Qf6+ Rg7 28. Rd8+ Rxd8 29. Qxd8+ Kh7 30. Qh4#) 7... O-O 8. O-O Bg4 9.
h3 Bxf3 10. Bxf3 c6 $5 (10... Nc6 11. c5 Nc8 12. d5 Nd4 13. Be3 Nxf3+ 14. Qxf3
$16) 11. c5 Nd5 12. Qb3 Qd7 $1 13. Nxd5 cxd5 14. Bxd5 (14. Qxd5 Qxd5 15. Bxd5
Nc6 16. Be3 Rfd8 17. Bxc6 bxc6 18. Rfd1 Rab8 19. Rd2 Rb4 20. b3 $1 Rd5 $44)
14... Nc6 15. Rd1 Na5 $1 16. Qf3 Rad8 17. Be4 Nc6 18. Be3 (18. Bxc6 bxc6 19.
Be3 Qd5 20. Qe2 f5 $44) 18... Nxd4 19. Bxd4 Bxd4 20. Bxb7 Qc7 21. c6 Bxb2 22.
Rab1 Bd4 23. Ba6 Rd6 $1 24. Be2 Rfd8 (24... Rf6 $2 25. Rxd4 Rxf3 26. Bxf3 $16)
25. Rb7 Qxc6 26. Qxc6 Rxc6 27. Rxe7 Rc2 28. Kh1 $2 (28. Kf1 Rxa2 29. Rxf7 Kxf7
(29... Rxe2 30. Rf4 Ree8 31. Rfxd4 Rxd4 32. Rxd4 Ra8 $10) 30. Bc4+) 28... Kg7
29. Re4 Bf6 30. Rxd8 Bxd8 31. a4 f5 32. Re8 Bb6 33. Bd3 Rc1+ 34. Kh2 Bxf2 $17
35. g4 f4 36. Kg2 Bc5 37. Rc8 Rc3 38. Rd8 Kf6 39. Be4 Rg3+ 40. Kh2 Bg1+ 41. Kh1
Bb6 42. Rd3 Rg1+ 43. Kh2 Ra1 44. h4 Rxa4 45. g5+ Ke5 46. Bf3 Rd4 47. Rc3 Rd7
48. Kh3 Be3 49. h5 gxh5 50. Bxh5 a5 51. Bf3 Ra7 52. Ra3 Bc5 53. Ra4 Bb4 54. Kg4
Rg7 55. Ra2 h6 56. Re2+ Kd4 57. g6 Rxg6+ 58. Kxf4 Rf6+ 59. Kg3 a4 60. Re4+ Kc3
61. Re3+ Kd2 62. Re2+ Kd3 63. Ra2 a3 64. Bd5 Ra6 65. Rg2 Bd2 66. Ba2 Rb6 67.
Kh3 Rb2 68. Rg3+ Be3 69. Rg2 Bf2 $1 70. Bg8 a2 71. Bxa2 Rxa2 72. Kg4 Ra4+ 73.
Kf3 Be3 74. Rg4 Ra8 75. Rg8 Ra5 76. Rd8+ Bd4 77. Rd6 h5 78. Kf4 Ra8 79. Kg5 Rh8
80. Kh4 Ke4 81. Re6+ Kf5 82. Re2 Bf6+ 83. Kh3 Ra8 84. Rf2+ Kg6 85. Rg2+ Bg5 86.
Rg3 Kf5 87. Rf3+ Bf4 88. Rf2 Ra1 89. Rc2 Ra3+ 90. Kg2 Kg4 91. Rb2 h4 92. Rb1
Ra2+ 93. Kh1 Kh3 94. Re1 Bg3 95. Rf1 Rh2+ 96. Kg1 Rg2+ 97. Kh1 Bf2 0-1

[Event "Sofia MTel Masters 3rd"]
[Site "Sofia"]
[Date "2007.05.10"]
[Round "1"]
[White "Topalov, Veselin"]
[Black "Nisipeanu, Liviu Dieter"]
[Result "0-1"]
[WhiteElo "2772"]
[BlackElo "2693"]
[Annotator "Nisipeanu,LD"]
[PlyCount "94"]
[EventDate "2007.05.10"]
[EventType "tourn"]
[EventRounds "10"]
[EventCountry "BUL"]
[EventCategory "19"]
[SourceTitle "CBM 118"]
[Source "ChessBase"]
[SourceDate "2007.05.31"]
[SourceVersion "1"]
[SourceVersionDate "2007.05.31"]
[SourceQuality "1"]

{The first round in such a strong tournament as the MTel Masters, has a
special signifiance for any chessplayer, especially when you have to play the
main favourite for the competition.  Die Auftaktrunde in einem so starken
Turnier wie dem MTel Masters hat eine besondere Bedeutung für jeden
Schachspieler, vor allem, wenn man gegen den Hauptfavoriten der Veranstaltung
spielen muss.} 1. e4 d5 {This was the surprise I have prepared for Vesselin. I
was influenced by Tiviakov's games in Wijk aan Zee 2006 for this choice of
opening.  Dies war die Überraschung, die ich für Vesselin vorbereitet hatte.
Bei dieser Eröffnungswahl wurde ich beeinflusst von Tiviakovs Partien in Wijk
aan Zee 2006.} 2. exd5 Qxd5 3. Nc3 Qd6 4. g3 $5 ({Surprisingly shy. I was
expecting Überraschend schüchtern. Ich erwartete} 4. d4 Nf6 5. Nf3 c6 6. Ne5 {
which is the favourite choice of strong players when they play against this
opening. , was die Lieblingswahl von starken Spielern ist, wenn sie gegen
diese Eröffnung spielen.}) 4... Nf6 5. Bg2 c6 {Probably it was better to play
g6 immediately and choose later if a pawn or a knight belongs on c6 Besser war
wahrscheinlich g6 sofort, um später zu entscheiden, ob ein Bauer oder ein
Springer nach c6 gehört.} 6. d4 g6 (6... Bf5 7. Nge2 e6 8. O-O Be7 9. h3 h5 $5
{was the choice of my 'Apa Nova Bucharest' teammate Ardelean Catalin in his
game against Peptan Corina Bucharest 2006. This option looks more in line with
the c6 move than the choice I've made in the game. war die Wahl meines 'Apa
Nova Bucharest'-Teamkollegen Ardelean Catalin in seiner Partie gegen Peptan
Corina, Bukarest 2006. Diese Möglichkeit scheint mehr mit dem Zug c6 in
Einklang zu stehen als meine Fortsetzung in der Partie.}) 7. Bf4 Qb4 ({I
didn't like the look of Unsympathisch war mir} 7... Qd8 8. Qd2 Bg7 9. O-O-O O-O
10. Bh6 $36) 8. Nge2 Bg7 9. Qc1 {A tricky move, because now, with the b2-pawn
defended, sometimes Bc7 becomes a threat. Ein trickreicher Zug, denn jetzt, wo
der b2-Bauer verteidigt ist, wird manchmal Bc7 eine Drohung.} O-O 10. O-O Bg4 {
The prospects for this bishop weren't too great anyway, so I decided to get
rid of it immediately.  Die Aussichten für diesen Läufer waren sowieso nicht
besonders, daher beschloss ich, ihn sofort loszuwerden.} 11. a3 Qa5 12. h3 Bxe2
13. Nxe2 Nbd7 14. c4 ({After the game Veselin thought that Nach der Partie
hielt Veselin} 14. b4 Qa6 15. Re1 {was more promising, but after für
aussichtsreicher, doch nach} Qc4 $5 (15... Nb6 16. Bf1 Nc4 17. Nc3 $14) 16. c3
a5 17. Rb1 axb4 18. Rxb4 Qa6 19. c4 Nh5 20. Be3 e5 {the position is unclear.
ist die Stellung unklar.}) 14... e5 15. b4 Qc7 16. dxe5 Nxe5 17. Qc2 $14 {
White has a slight edge because of the bishop pair, but Black's position is
very solid. Aufgrund des Läuferpaars hat Weiß ein leichtes Plus, aber die
schwarze Stellung ist sehr solide.} a5 $1 {The right moment for this move,
because now White cannot play b5.  Der richtige Moment für diesen Zug, denn
jetzt kann Weiß nicht b5 spielen.} 18. Rae1 axb4 19. axb4 Rfe8 20. c5 ({
The more direct Das direktere} 20. Nd4 Rad8 21. Rxe5 Rxe5 22. Nf3 Nh5 23. Nxe5
Bxe5 24. Bg5 Bf6 $11 {would have only helped Black. hätte nur Schwarz geholfen.
}) 20... Nd5 21. Bd2 Nd7 $1 {It looks strange to retreat a knight from the
centre, but this knight belongs on e6.  Es wirkt seltsam, einen Springer vom
Zentrum abzuziehen, aber diese Figur gehört nach e6.} 22. Qc4 $1 {Of course,
Veselin does not give me the chance to execute Nf8-e6. Natürlich lässt mich
Veselin nicht zu Nf8-e6 kommen.} (22. Nf4 Nxf4 23. Bxf4 Be5 24. Bh6 Nf8 $14 {
was another possiblity, but in my opinion White has more chances of success if
he keeps the knights on the board. war eine andere Möglichkeit, aber m.E. hat
Weiß größere Erfolgschancen, wenn er die Springer auf dem Brett behält.}) 22...
N7f6 (22... b5 $6 {is what the computer suggests, but humans know that pawns
don't move backwards. ist der Computervorschlag, aber Menschen wissen, dass
Bauern nicht rückwärts ziehen.}) 23. g4 $5 {I felt happy when I saw this move,
because in the long run the f4 square could become weak. On the other hand
White is gaining space on the kingside and hopes to realize f4-f5 one day. Ich
war froh, als ich diesen Zug sah, denn langfristig könnte das f4-Feld schwach
werden. Andererseits erobert Weiß Raum am Königsflügel und hofft, eines Tages
zu f4-f5 zu kommen.} (23. Nc3 Qd7 24. Nxd5 Nxd5 25. b5 h5 {is close to
equality. ist nahezu ausgeglichen.}) 23... h5 $1 {This move is aimed at
weakening White's pawns on the kingside.  Dieser Zug soll die weißen Bauern am
Königsflügel schwächen.} 24. Ng3 ({I expected Ich erwartete} 24. g5 Nh7 25. Ng3
Nf8 26. Ne4 Red8 27. Nd6 Rxd6 28. cxd6 Qxd6 {when Black appears to have decent
compensation for the exchange. , wonach Schwarz ordentliche Kompensation für
die Qualität zu haben scheint.}) 24... hxg4 25. hxg4 Qd7 26. g5 Rxe1 27. Rxe1
Ne8 $1 $11 {After this move, which prepares Ne8-c7, I thought that Black has
no problems; a fresh look at it has not changed my evaluation.  Nach diesem
Zug, der Ne8-c7 vorbereitet, dachte ich, dass Schwarz keine Probleme hat; ein
frischer Blick darauf hat meine Einschätzung nicht geändert.} 28. Bf3 ({
After Nach} 28. Ne4 Be5 29. Qb3 Nec7 30. Bh3 Qd8 31. Bf1 Ne6 $15 {the weakness
of the f4 square begins to tell. beginnt sich die Schwäche des f4-Feldes
bemerkbar zu machen.}) 28... Nec7 29. Bg4 Qd8 30. Kg2 Nb5 31. Rd1 Ra1 $5 (31...
Ra3 32. Ne4 Be5 33. Re1 $11) 32. Rxa1 Bxa1 33. Bf3 Be5 34. Ne2 (34. Bxd5 {
was safer, but Veselin was trying to take advantage of my slight timetrouble.
war sicherer, aber Veselin versuchte, meine leichte Zeitnot ausnutzen.}) 34...
Ndc7 35. Be3 Ne6 36. Bg4 Nbc7 37. Qe4 ({After Nach} 37. f4 Nd5 (37... Bg7 $5)
38. Kf2 Nxe3 39. Kxe3 Nxf4 40. Nxf4 Qxg5 41. Qe4 Kg7 42. Kf3 Qf6 {is a draw.
ist es Remis.}) 37... Bg7 38. f4 Qd1 39. Kf2 Bc3 $1 {Now it is clear that
White should start thinking about a draw, but my opponent was still playing
very quickly and was obviosly upset about the course that the game had taken.
Nun ist klar, dass Weiß an ein Remis denken sollte, doch mein Gegner spielte
noch immer sehr schnell und war offensichtlich beunruhigt von dem Verlauf, den
die Partie genommen hatte.} 40. b5 $6 (40. Nxc3 Qxg4 41. Qe5 Qh4+ 42. Kf3 {
was probably good enough for a draw. war wahrscheinlich gut genug für ein
Remis.}) 40... Qe1+ {It is almost impossible to refrain from such a move with
the seconds ticking away. Wenn die Sekunden verrinnen, ist es fast unmöglich,
sich einen solchen Zug zu verkneifen.} ({Also possible was Ebenfalls möglich
war} 40... Nxb5 41. f5 (41. Bxe6 Qe1+ 42. Kg2 Qxe2+ 43. Kg1 Kf8 $1 $19) 41...
gxf5 42. Qxf5 Qh1 43. Nxc3 Nxc3 44. Bf3 Qh2+ $15) 41. Kg2 Nd5 42. bxc6 bxc6 43.
Qd3 $2 ({After the correct Nach dem korrekten} 43. Bc1 Bd2 44. Bxd2 Qxd2 45.
Bxe6 Nxf4+ 46. Qxf4 Qxe2+ 47. Kg3 Qxe6 $15 {it is unlikely that Black can win
this ending. ist es unwahrscheinlich, dass Schwarz dieses Endspiel gewinnen
kann.}) 43... Bd4 $1 {Now it is all over.  Jetzt ist alles vorbei.} 44. Bxe6
Nxe3+ 45. Kh2 Qf2+ 46. Kh3 Qf3+ {I had seen this line long before, and since
it wins a piece, I didn't bother to look for something else. Dieses Abspiel
hatte ich schon lange vorher gesehen, und da es eine Figur gewinnt, machte ich
mir nicht die Mühe, etwas anderes zu suchen.} ({Simpler was Einfacher war} 
46... Qg2+ 47. Kh4 Qh2+ 48. Bh3 Qf2+ 49. Ng3 Qxf4+) 47. Ng3 Qg2+ 0-1

[Event "Figueres op 06th"]
[Site "Figueres"]
[Date "2005.08.14"]
[Round "8.1"]
[White "Slaby, Jerzy"]
[Black "Prie, Eric"]
[Result "1/2-1/2"]
[WhiteElo "2432"]
[BlackElo "2464"]
[Annotator "Prie,E"]
[PlyCount "56"]
[EventDate "2005.08.07"]
[EventType "swiss"]
[EventRounds "9"]
[EventCountry "ESP"]
[SourceTitle "CBM 109"]
[Source "ChessBase"]
[SourceDate "2005.11.14"]
[SourceVersion "1"]
[SourceVersionDate "2005.11.14"]
[SourceQuality "1"]

1. e4 d5 2. exd5 Qxd5 3. Nc3 Qa5 4. d4 Nf6 5. Nf3 c6 6. Bc4 (6. Bd2 Bf5 7. Ne4
Qb6 $1 8. Nxf6+ gxf6 9. Bc4 Rg8 10. O-O (10. Bb3 a5 11. a4 Na6 12. Qe2 Nb4 13.
O-O-O $4 Nd3+ 14. cxd3 (14. Kb1 Qxb3 15. cxb3 Nf4+ 16. Ka2 Nxe2 17. Be3 (17.
Rde1 Bd3 $19) 17... Be4 (17... Rxg2 18. Nh4) 18. Rhe1 Rxg2 19. Nd2 (19. Nh4
Rxh2) 19... Bc2 20. Ra1 Bd3 $19) 14... Qxb3 {0-1 Renet,O-Prie,E/Clichy catX
1995} 15. Bc3 Rxg2 (15... Qxa4 $17) 16. Nh4 Bg4 17. Qd2 Bxd1 18. Nxg2 Bf3 19.
Rg1 Qxa4 $19) 10... Nd7 11. Re1 e6 12. a4 O-O-O 13. b4 Qc7 14. b5 cxb5 15. Bxb5
Kb8 16. a5 a6 17. Bd3 Bxd3 18. cxd3 Qc6 19. Bf4+ Bd6 20. Bg3 Bxg3 21. hxg3 Rc8
22. Qb3 Qc3 23. Qa4 Rc7 24. Ra3 Qc6 25. Qb4 Re8 26. Rb3 Qd5 27. Nd2 Rec8 $11 {
Smirin,I-Prie,E Bastia op 1997 1-0(53)}) 6... Bf5 7. Bd2 e6 8. Ne4 Qb6 9. Nxf6+
(9. Ng3 Bg4 $1 {The necessary complement to Qb6, aiming at d4 and b2.} 10. c3 (
10. Bb3 $5 Bxf3 11. Qxf3 Qxd4 12. O-O-O Nbd7 $13 13. Nf5 $2 Qe4 $1 (13... exf5
$2 14. Rhe1+ Be7 15. Bf4 Qb6 16. Bd6)) (10. O-O $5 {Hamdouchi,H Intending} Bxf3
$6 (10... Nbd7) 11. Qxf3 Qxd4 12. Qb3 Qb6 13. Bxe6 $1) 10... Bxf3 $1 11. Qxf3
Qxb2 12. Rd1 Nbd7 13. O-O Bd6 14. Bg5 Qb6 {Contrarily to Scandinavian legend
Ian Rogers, I doubt White has sufficient compensation for the pawn here.}) 9...
gxf6 10. Bb3 $6 {Like Smirin, White should not waste time defending b2.} (10.
O-O Qxb2 11. Rb1 (11. Bb3 $5) (11. Qe2 $6 Qxc2 12. Nh4) 11... Qxc2 12. Qxc2 (
12. Qe2 $2 b5 13. Bb3 Qd3 14. Qe1 Qxb1) 12... Bxc2 13. Rxb7 $13) 10... a5 11.
a4 Na6 12. Nh4 {Better than} (12. h3 Rg8 $1 13. Nh4 Be4 14. Be3 O-O-O (14...
Bb4+ $1 15. c3 Be7 {With the idea f6-f5 and the White queen cannot go to h5
because of the Bb3 hanging.}) 15. O-O Qc7 (15... Be7 16. Qh5 f5 17. g3 $1 (17.
d5 $2 Bxh4) (17. f3 Bd5) 17... Qc7 18. Kh2 Bd6 19. f4) 16. f3 Bg6 17. Nxg6 hxg6
18. Qe2 Nb4 {White is under pressure with his inferior pawn structure provided
that Black maintains the overprotection of the d5 square.} 19. Bf2 Rh8 20. Rfd1
Rh5 21. c4 Bd6 22. Kf1 Bg3 23. Bg1 Bf4 24. Bf2 Kb8 25. Bg1 Rd7 26. Bf2 Rh8 27.
Qe1 Rhd8 28. g3 Bh6 29. c5 f5 30. Kg2 Bg7 31. Qc3 e5 32. dxe5 Bxe5 33. Rxd7
Rxd7 34. Qe1 Nd3 35. Qe2 Nxf2 36. Qxf2 Bxg3 {0-1 Tan,D-Prie,E 4NCL2 West
Bromwich 2005 (36)}) 12... Bg6 13. Be3 O-O-O 14. O-O Nb4 (14... Qc7 15. c3 {
X a6.}) 15. h3 (15. Qf3 $5 Bxc2 16. d5 c5 (16... Qc7 17. Bxc2 Nxc2 18. Rac1
Nxe3 19. dxc6 Nxf1 20. cxb7+ Kb8 21. Rxc7 Kxc7 22. Kxf1) 17. Qxf6 Bd6 18. Bxc2
Nxc2 19. Rad1 Nxe3 20. fxe3 exd5 $11) 15... Qc7 16. c3 Nd5 17. Bxd5 Rxd5 18. c4
Rh5 19. Nxg6 hxg6 20. Qf3 f5 (20... g5 $1 21. Qxf6 g4 22. Bf4 Qd7 23. Rfd1 gxh3
24. g3 h2+ 25. Kh1 Rg8 $17 26. Be5 Rf5 27. Qh4 Rxf2) 21. Bf4 Bd6 22. Bxd6 Qxd6
23. d5 $1 exd5 $2 (23... g5 $1 24. dxe6 (24. dxc6 Qxc6) 24... g4 25. Rfd1 $1 (
25. Qc3 Rxh3 26. gxh3 Rxh3 $1 27. Qxh3 gxh3 28. Ra3 (28. exf7 Qg6+ 29. Kh2 Qg2#
) 28... h2+ 29. Kg2 fxe6 $17) 25... Qxe6 26. Qc3 f4 $3 (26... gxh3 27. Qxa5 (
27. g3 f4) 27... f4 $1 (27... hxg2 28. Qa8+ Kc7 29. Qa5+ Kb8 30. Rd8+ Rxd8 31.
Qxd8+ Ka7 32. Qa5+ $11) 28. Rd8+ Rxd8 29. Qxh5 Rg8 30. Rd1 $13) 27. c5 gxh3 28.
Qxa5 Qe7 29. Qa8+ Kc7 30. Qa5+ Kb8 31. Qd2 hxg2 $19) 24. cxd5 Qxd5 25. Qxd5
cxd5 26. Rfd1 f4 27. Rac1+ Kd7 28. Rc5 b6 (28... Kd6 29. Rxa5 f3 30. Rd3)
1/2-1/2

[Event "EU-ch 12th"]
[Site "Aix les Bains"]
[Date "2011.03.23"]
[Round "2"]
[White "Safarli, Eltaj"]
[Black "Prie, Eric"]
[Result "1/2-1/2"]
[WhiteElo "2628"]
[BlackElo "2508"]
[Annotator "Prie,E"]
[PlyCount "98"]
[EventDate "2011.03.22"]
[EventType "swiss"]
[EventRounds "11"]
[EventCountry "FRA"]
[SourceTitle "CBM 142 Extra"]
[Source "ChessBase"]
[SourceDate "2011.06.27"]
[SourceVersion "1"]
[SourceVersionDate "2011.06.27"]
[SourceQuality "1"]

1. e4 d5 2. exd5 Qxd5 3. Nc3 Qa5 4. d4 Nf6 5. Nf3 Bf5 6. Bc4 e6 7. Bd2 Bb4 8.
a3 Bxc3 9. Bxc3 Qb6 10. d5 exd5 11. Bxd5 O-O 12. Bxf6 Re8+ 13. Kf1 $5 {An
interesting idea of playing against the opposing damaged king cover but the
awkward position of the white king also permits Black to gain time.} gxf6 14.
Qd4 Bxc2 15. Bxf7+ (15. Qxb6 axb6 16. Bxb7 Ra5 (16... Ra7 17. Re1 Bd3+ 18. Kg1
Rxe1+ 19. Nxe1 Bc4 20. Bf3 c5 21. g3 Rd7) 17. Re1 Bd3+ 18. Kg1 Rxe1+ 19. Nxe1
Bf5 {Threatening ...c7-c6.} 20. Bf3 Rb5 21. b4 Re5 (21... c5 $2 22. Be2) 22.
Kf1 c5 $15) 15... Kxf7 16. Qc4+ Kg7 17. Qxc2 Qb5+ (17... Na6 $5 18. Rd1 Qb5+
19. Kg1 Re2 20. Rd7+ Qxd7 21. Qxe2 Re8 22. Qc2 Qb5 23. h4 Re2 24. Qd1 Rxb2 25.
Qd8 $1 $132) 18. Kg1 Nc6 19. Rd1 Rad8 20. Rxd8 Rxd8 21. h4 Qd3 22. Qc1 Qe2 $2 {
With such an open king, Black of course should strive to exchange queens
rather than rooks.} (22... Qd1+ $142 23. Kh2 Qxc1 24. Rxc1 Rd3 25. Kg3 Rb3 26.
Rc2 Nd4 $1 (26... Kg6 27. Kf4) 27. Rxc7+ Kg6 $11) 23. Qf4 $1 Rd1+ $2 (23...
Qd1+ 24. Kh2 Qd6 $11) 24. Kh2 Rxh1+ 25. Kxh1 Qxb2 $2 (25... Ne5) 26. Qxc7+ Kg8
27. Qc8+ Kf7 28. Qf5 Kg7 29. h5 Qc1+ 30. Kh2 Ne7 31. Qg4+ Kf7 32. Qe4 Qc7+ 33.
g3 Kg7 34. Qg4+ (34. Nh4 Qd7 (34... h6 35. Ng6 Nc6 36. Qg4 Kf7 37. Qf5 Kg7 38.
Nf4 Qf7 39. Qg4+ Kh7 40. Ng6 Ne5 41. Nxe5 fxe5 42. Qe4+ Kg8 43. Kg2) 35. h6+
Kg8 (35... Kxh6 $2 36. Qxe7) 36. Ng2 $16) (34. Qe6 $5) 34... Kh8 35. Qe6 $6 (
35. Nd4 $1 $16 Qc5 36. h6) 35... Ng8 $1 {Now Black has time for this saving
manoeuvre} 36. Qe3 (36. Nd4 Qc5) 36... b6 37. Nh4 Qc5 38. Qf3 (38. Qxc5 bxc5
39. Nf5 c4 40. Kg2 c3 41. Nd4 Kg7 $11 42. Kf1 Kh6 43. g4 $2 Kg5 44. f3 f5 $1)
38... b5 39. Nf5 Ne7 40. Nxe7 (40. Qa8+ Ng8) 40... Qxe7 41. h6 Qf8 42. Qh5 a6
43. Kg2 Kg8 44. Qd5+ Kh8 45. Qh5 Kg8 46. f4 Qc8 47. Qd5+ Kf8 48. Qe4 Qd7 49.
Qa8+ Kf7 1/2-1/2

[Event "San Sebastian op 28th"]
[Site "San Sebastian"]
[Date "2005.03.26"]
[Round "9"]
[White "Moriuchi, Toshiyuki"]
[Black "Prie, Eric"]
[Result "0-1"]
[WhiteElo "2301"]
[BlackElo "2439"]
[Annotator "Prie,E"]
[PlyCount "58"]
[EventDate "2005.03.19"]
[EventType "swiss"]
[EventRounds "9"]
[EventCountry "ESP"]
[SourceTitle "CBM 105 Extra"]
[Source "ChessBase"]
[SourceDate "2005.05.01"]
[SourceVersion "1"]
[SourceVersionDate "2005.05.01"]
[SourceQuality "1"]

1. e4 d5 2. exd5 Qxd5 3. Nc3 Qa5 4. d4 Nf6 5. Nf3 Bf5 6. Bc4 c6 7. Ne5 e6 8. g4
Bg6 9. h4 Nbd7 10. Nxd7 Nxd7 11. h5 Be4 12. Rh3 Bg2 13. Re3 {Better looks then}
(13. Rg3 {As Anand himself wrote in CBM60.} Bd5 14. Bxd5 cxd5 15. Bd2 Qd8 16.
Qe2 Bd6 17. Rf3 O-O 18. g5 Nb6 19. b3 a6 20. g6 Qh4 21. O-O-O Qxh5 22. Qe3 Qxg6
23. Rh3 Rfc8 24. Rdh1 Rc7 25. Rh4 Nd7 26. Rxh7 Qxh7 27. Rxh7 Kxh7 28. Ne2 Rac8
29. c3 Kg8 30. Kb2 b5 31. Qd3 Rc6 32. Ng1 Nf6 33. f3 e5 34. dxe5 Bxe5 35. Ne2
b4 36. Kc2 Bxc3 37. Kd1 d4 38. Bg5 Re8 {0-1 Fedorov,A-Hauchard,A/Belfort 1999 
(38)}) 13... Qc7 $1 $146 {It has been a long time since I showed a few things
on the Scandinavian to Lautier and since that game against Anand ( following
one on my analysis he had forgotten right until the end, by the way!)
definitely put him off the variation! And it has been the same time I have
been waiting for someone to try to reproduce this idea against me!} (13... Nb6
14. Bd3 Nd5 15. f3 Bb4 16. Kf2 Bxc3 17. bxc3 Qxc3 18. Rb1 Qxd4 19. Rxb7 Rd8 20.
h6 gxh6 21. Bg6 Ne7 22. Qxd4 Rxd4 23. Rd3 Rd8 24. Rxd8+ Kxd8 25. Bd3 {1-0
Anand,V-Lautier,J/Biel 1997/CBM 60 (25)}) 14. f4 $6 (14. Rg3 $142 Bd5) (14. f3
$2 Qh2) 14... Nb6 15. Bb3 O-O-O $15 16. Kf2 Bd5 17. Nxd5 Nxd5 18. Rf3 (18. Re4
Nf6 19. Re1 g5 $1 20. fxg5 $2 Qh2+ 21. Kf3 Qh3+) 18... Nf6 19. Kg3 (19. Rd3
$142 g6 20. h6 Nd5 21. Bxd5 exd5 22. g5 Bd6 23. Qf3 f5 24. gxf6 (24. Bd2 Rhe8
25. Re1 Re4) 24... Rhf8 25. Qg4+ Qd7 26. Qg5 Rf7 $17) 19... g6 $19 20. hxg6
hxg6 21. g5 Ne4+ 22. Kg2 Nxg5 $1 23. Rd3 (23. fxg5 Qh2+ 24. Kf1 Qh1+ 25. Ke2
Rh2+) 23... Ne4 24. Qf3 Nd6 25. Be3 Nf5 26. Bf2 Bd6 27. d5 exd5 28. Bxd5 Nh4+
29. Bxh4 Rxh4 {I guess it was the first time in my entire career I was happy
to beat an adult World Chess champion...japanese chess though.} (29... Rxh4 30.
Rad1 cxd5 31. Rc3 Bc5 32. b4 Rxf4 33. Rxc5 (33. Qh3+ Kb8 34. Rxc5 Qe5) 33...
Rxf3 34. Rxc7+ Kxc7 35. Kxf3 Kc6 $19) 0-1